Trakya milli mücadele tarihi : (Record no. 13458)

MARC details
000 -BAŞLIK
Sabit Uzunlukta Kontrol Alanı 01022nam a2200277 4500
999 ## - SİSTEM KONTROL NUMARALARI (KOHA)
Koha Biblionumber 13458
Koha Biblioitemnumber 13458
003 - KONTROL NUMARASI IDENTIFIER
Denetim Alanı MIRAKIL
005 - SON İŞLEM TARİHİ VE ZAMANI
Denetim Alanı 20190801121106.0
008 - SABİT-BOY VERİ ELEMANLARI - GENEL BİLGİLER
Sabit Uzunlukta Kontrol Alanı 190801b tu ||||| |||| 00| 0 tur d
020 ## - ULUSLARARASI STANDART KİTAP NUMARASI
Uluslararası Standart Kitap Numarası 9786051062914
040 ## - KATALOGLAMA KAYNAK
Orijinal Kataloglama Ajansı TR-AnCHP
Metne Dönüştürmek Ajansı TR-AnCHP
041 ## - DİL KODU
Metin / Ses Parça Veya Ayrı Başlığın Dil Kodu tur
082 ## - DEWEY ONLU SINIFLANDIRMA NUMARASI
Sınıflandırma Numarası 956.1023
Ürün Numarası A94t 2010
100 ## - ANA GİRİŞ - KİŞİSEL İSİM
Kişisel Ad Aykut, Mehmet Şeref
245 10 - BAŞLIK TABLOSU
Başlık Trakya milli mücadele tarihi :
Başlığın Kalan Malta hatıratı ve Malta'da Türkler /
Sorumluluk Tablosu, Vb Hazırlayan Hasan Berke Dilan; Mehmet Şeref Aykut
246 ## - UNVAN FORM VARYING
Başlık Doğru / Kısa Başlığı Malta hatıratı ve Malta'da Türkler
260 ## - YAYIN, DAĞITIM, VB
Yayın, Dağıtım, Vb Yeri İstanbul:
Yayıncı, Dağıtıcı, Vs Adı Alfa yayınları,
Yayın, Dağıtım, Vb Tarihi 2010.
Üretici Firma Melisa Matbaacılık.
300 ## - FİZİKSEL TANIM
Kapsam 380 s.:
Diğer Fiziksel Ayrıntıları fotg.;
Boyutlar 21 sm.
490 0# - SERİSİ TABLOSU
Seri Beyanı Alfa yayınları;
-- Anı-Anlatı;
Hacim / Ardışık Tanımı 2154
-- 22.
504 ## - KAYNAKÇA VB NOT
Kaynakça Vb Notu Dizin vardır.
600 #0 - KONU KATMA GİRİŞ - KURUMSAL ADI
9 (RLIN) 5940
Kişisel Ad Aykut, Mehmet Şeref
Bir Adıyla İlişkilendirilen Tarihler 1874-1939
Genel Alt Bölümü Anılar
650 #0 - KONU KATMA GİRİŞ - TOPİKAL DÖNEM
9 (RLIN) 4
Topikal Süreli Veya Coğrafi Ad Giriş Elemanı Türkiye
Genel Alt Bölümü Tarih
Kronolojik Alt Bölümü Milli mücadele dönemi
650 #0 - KONU KATMA GİRİŞ - TOPİKAL DÖNEM
9 (RLIN) 5055
Topikal Süreli Veya Coğrafi Ad Giriş Elemanı Siyasetçiler
Genel Alt Bölümü Anılar
Coğrafi Alt Bölümü Türkiye
700 ## - KATMA GİRİŞ - KİŞİSEL İSİM
9 (RLIN) 5941
Kişisel Ad Dilan, Hasan Berke
Relator Terim haz.
740 ## - KATMA GİRİŞ - KONTROLSUZ İLGİLİ / ANALİTİK BAŞLIK
Kontrol Edilmeyen / İlgili Analitik Başlıktaki Malta hatıratı ve Malta'da Türkler
942 ## - EKLENDİ GİRİŞ ELEMANLARI (KOHA)
Sınıflandırma Veya Raf Düzeni Kaynak Dewey Decimal Classification
Koha Öğesi Türü Books
Holdings
Kalıcı Konum Mevcut Konum Edinme Tarihi Toplam Check-Out'Lar Tam Çağrı Numarası Barkod Tarih Son Görülme İtibaren Geçerli Fiyatlar Koha Öğesi Türü
CHP Kütüphanesi CHP Kütüphanesi 08/01/2019   956.1023 A94t 2010 011914 08/01/2019 08/01/2019 Books